000 00782nam a2200253 a 4500
001 68994
003 BD-RjUL
005 20211209081834.0
008 170409s1996 enkab b 001 0 eng
020 _a0471966797
035 _a(BD-RjUL)69205
040 _aDLC
_cDLC
_dBD-RjUL
_beng
041 _aeng
082 0 0 _a551.45
_223
_bFLO 1996
245 0 0 _aFloodplain processes /
_cedited by Malcolm G. Anderson, Des E. Walling, and Paul D. Bates.
260 _aChichester ;
_aNew York :
_bWiley,
_cc1996.
300 _aix, 658 p. :
_bill. ;
_c25 cm.
504 _aIncludes bibliographical references and indexes.
650 0 _aFloodplains.
_9204412
700 1 _aAnderson, M. G.
_9204413
700 1 _aWalling, D. E.
_9204414
700 1 _aBates, Paul D.
_9204415
942 _2ddc
_cBK
999 _c68994
_d68994